00256nam a2200109Ia 4500008004100000082001600041100001000057245003800067260002500105300000800130650000800138191201s2005 xx 000 0 und d a658.15bICC aICFAI 0aCase Studies in Business Strategy aN.DelhibICFAIc2005 a388 aMBA